000 00535nam a22001817a 4500
005 20240606184226.0
008 240606b |||||||| |||| 00| 0 eng d
020 _a9785000000010
082 _a618
_bRAS-W
100 _aRashida Sultana
245 _aWorkplace-Based Assessment in OBGY :
_bfrom learning to assessment /
_cRashida Sultana .
250 _a1st ed.
260 _aPakistan :
_bNishtar ;
_c2023 .
300 _a614 p.
_c27.5 cm
500 _aIllustration is given.
650 _aGynaecology/Medical
999 _c35860
_d35860